The history of that most eminent statesman, Sir John Perrott : knight of the Bath, and lord lieutenant of Ireland ... /

Bibliographic Details
Other Authors: Rawlinson, Richard, 1690-1755
Format: Book
Language:English
Published: London : [S.N.], 1728.
Subjects:

MARC

Tag First Indicator Second Indicator Subfields
LEADER 00000cam a2200000 a 4500
001 in00000030214
005 20151007060233.0
008 760304s1728 enk 00100beng
010 |a  04034338  
035 |a (OCoLC)02030495 
035 |9 AAC0365AM 
040 |a DLC  |c KLG  |d m/c  |d TXA  |d UtOrBLW 
049 |a TXAS  |c [A09878148] 
050 4 |a DA937  |b .H5 1728 
245 0 4 |a The history of that most eminent statesman, Sir John Perrott :  |b knight of the Bath, and lord lieutenant of Ireland ... /  |c Now first published from the original manuscript, written about the latter end of the reign of Queen Elizabeth. 
264 1 |a London :  |b [S.N.],  |c 1728. 
300 |a 6 unnumbered pages, 315 pages, 5 unnumbered pages ;  |c 19 cm. 
336 |a text  |b txt  |2 rdacontent 
337 |a unmediated  |b n  |2 rdamedia 
338 |a volume  |b nc  |2 rdacarrier 
500 |a Includes index. 
500 |a Edited by Richard Rawlinson, author is unknown. 
590 |a A09878148 Rare 
600 1 0 |a Perrott, John,  |c Sir,  |d 1527?-1592. 
651 0 |a Ireland  |x History  |y 1558-1603. 
700 1 |a Rawlinson, Richard,  |d 1690-1755. 
999 |a MARS 
999 f f |s 4bb56825-2893-3f14-b147-cbc0e267f367  |i 5496bf88-5ced-3d6c-b02b-153b15c52665  |t 0 
952 f f |p noncirc  |a Texas A&M University  |b College Station  |c Cushing Memorial Library & Archives  |d Cushing: Rare Books (Does not check out)  |t 0  |e DA937 .H5 1728  |h Library of Congress classification  |i unmediated -- volume  |m A14809878148 
998 f f |a DA937 .H5 1728  |t 0  |l Cushing: Rare Books (Does not check out)